<?xml version="1.0" encoding="UTF-8"?>
<collection xmlns="http://www.loc.gov/MARC21/slim">
 <record>
  <leader>00878pam a22002658a 4500</leader>
  <controlfield tag="001">00018714</controlfield>
  <controlfield tag="008">110428s1986                  ||||||Viesd</controlfield>
  <controlfield tag="005">20171026081022.0</controlfield>
  <datafield tag="041" ind1="0" ind2="#">
   <subfield code="a">Vie</subfield>
  </datafield>
  <datafield tag="082" ind1="1" ind2="4">
   <subfield code="a">895.922 11</subfield>
   <subfield code="b">TH460NG</subfield>
  </datafield>
  <datafield tag="100" ind1="0" ind2="#">
   <subfield code="a">Ngô Thì Nhậm</subfield>
  </datafield>
  <datafield tag="245" ind1="0" ind2="0">
   <subfield code="a">Thơ Ngô Thì Nhậm</subfield>
   <subfield code="c">Vũ Khiêu tuyển và giới thiệu</subfield>
  </datafield>
  <datafield tag="260" ind1="#" ind2="#">
   <subfield code="a">H.</subfield>
   <subfield code="b">Văn học</subfield>
   <subfield code="c">1986</subfield>
  </datafield>
  <datafield tag="300" ind1="#" ind2="#">
   <subfield code="a">274 tr.</subfield>
   <subfield code="c">21 cm.</subfield>
  </datafield>
  <datafield tag="500" ind1="#" ind2="#">
   <subfield code="a">ĐTTS ghi : Hội văn học cổ đại Việt Nam</subfield>
  </datafield>
  <datafield tag="650" ind1="#" ind2="4">
   <subfield code="a">Danh nhân</subfield>
  </datafield>
  <datafield tag="650" ind1="#" ind2="4">
   <subfield code="a">Văn học</subfield>
  </datafield>
  <datafield tag="650" ind1="#" ind2="4">
   <subfield code="a">Ngô Thì Nhậm</subfield>
  </datafield>
  <datafield tag="653" ind1="#" ind2="#">
   <subfield code="a">Thơ</subfield>
  </datafield>
  <datafield tag="653" ind1="#" ind2="#">
   <subfield code="a">Việt Nam</subfield>
  </datafield>
  <datafield tag="852" ind1="#" ind2="#">
   <subfield code="b">Kho mượn</subfield>
   <subfield code="j">KM.0004011, KM.0004010</subfield>
  </datafield>
  <datafield tag="852" ind1="#" ind2="#">
   <subfield code="j">KD.0004186</subfield>
   <subfield code="j">KM.0004011</subfield>
   <subfield code="j">KM.0004010</subfield>
  </datafield>
  <datafield tag="852" ind1="#" ind2="#">
   <subfield code="b">Kho đọc</subfield>
   <subfield code="j">KD.0004186</subfield>
  </datafield>
  <datafield tag="910" ind1=" " ind2=" ">
   <subfield code="d">28/04/2011</subfield>
  </datafield>
  <datafield tag="980" ind1="#" ind2="#">
   <subfield code="a">Trung tâm Học liệu Lê Vũ Hùng, Trường Đại học Đồng Tháp</subfield>
  </datafield>
 </record>
</collection>
